00350nam a22001097a 450000500170000000800410001702200180005808200220007624500680009826000500016630000240021620190313101813.0190313b ||||| |||| 00| 0 eng d a9789993628620 a315.498 N27t 2018 a2017 population & housing census of Bhutan ;bSamtse Dzongkhag. aThimphu :bNational Statisitcs Bureau,c2018. aviii, 77 p.c24 cm.